=LDR 00000nam 2200000 4500 =001 INLIS000000000053585 =005 20181022120020 =035 ##$$a 0010-1018000200 =245 1#$$a STATISTIK EKONOMI-KEUANGAN DAERAH /$c Bank Indonesia =100 #$$a STATISTIK EKONOMI-KEUANGAN DAERAH =300 ##$$a 116 : $b Ilus ; $c 15x24 cm =260 ##$$a Mataram :$b Bank Indonesia,$c 2009 =082 ##$$a 310.59865 =084 ##$$a 310.59865 STA s =022 ##$$a 1411-7410 =650 ##$$a Statistik-NTB